000 00691nam a2200229 a 4500
001 29535
003 BD-RjUL
005 20211209051426.0
008 160813r19521951enk 000 0 eng d
035 _a(BD-RjUL)29620
040 _aBD-RjUL
_beng
_cBD-RjUL
_dBD-RjUL
041 _aeng
082 _a150.19
_bWOC 1952
_223
100 1 _aWoodworth, Robert Sessions,
_d1869-1962.
_989352
245 1 0 _aContemporary schools of psychology /
_cby Robert S. Woodworth
250 _a8th ed.
260 _aLondon :
_bMethuen,
_c1951 [Reprinted 1952]
300 _ax ,279 p. :
_bill. ;
_c19 cm.
500 _aFirst published in Great Britain in 1931
650 0 _aPsychology
_990019
942 _2ddc
_cBK
999 _c29535
_d29535